[Event "Asia zt 3.3 (Women)"]
[Site "Tagaytay City"]
[Date "2013.01.22"]
[Round "1"]
[White "Hoang, Thi Bao Tram"]
[Black "Jose, Rulp Ylem"]
[Result "1-0"]
[WhiteElo "2322"]
[BlackElo "2026"]
[PlyCount "79"]
[EventDate "2013.01.22"]
[EventType "swiss"]
[EventRounds "9"]
[EventCountry "PHI"]
[SourceTitle "CBM 152 Extra"]
[Source "ChessBase"]
[SourceDate "2013.02.25"]
[SourceVersion "1"]
[SourceVersionDate "2013.02.25"]
[SourceQuality "1"]

1. d4 d6 2. c4 Nf6 3. Nf3 Bg4 4. Qb3 Nc6 5. d5 Bxf3 6. gxf3 Nd4 7. Qd3 c5 8. Nd2 g6 9. Bh3 e6 10. e3 Nf5 11. e4 Nd4 12. Nb3 e5 13. Nxd4 exd4 14. Qb3 Qb6 15. Qa4+ Ke7 16. 0-0 Bg7 17. Rb1 a5 18. Kh1 Rhe8 19. Rg1 Kf8 20. Qc2 Qc7 21. Bd2 Qe7 22. Rbe1 Kg8 23. Qc1 Qf8 24. Bg2 Nh5 25. Bh3 Nf6 26. Bg5 Kh8 27. Qf4 Nh5 28. Qh4 h6 29. Bd2 Qe7 30. Qg4 Nf6 31. Qg2 Nh5 32. f4 Qh4 33. Qf3 Qe7 34. f5 Rf8 35. Bf1 Kh7 36. Qg2 gxf5 37. Be2 Rg8 38. Bxh5 Qh4 39. Bxf7 f4 40. Qg4 1-0

[Event "Manila PSC Cup"]
[Site "Manila"]
[Date "2013.01.17"]
[Round "6"]
[White "San Diego, Marie Antoinette"]
[Black "Jose, Rulp Ylem"]
[Result "0-1"]
[WhiteElo "1923"]
[BlackElo "2026"]
[PlyCount "20"]
[EventDate "2013.01.14"]
[EventType "swiss"]
[EventRounds "9"]
[EventCountry "PHI"]
[SourceTitle "CBM 152 Extra"]
[Source "ChessBase"]
[SourceDate "2013.02.25"]
[SourceVersion "1"]
[SourceVersionDate "2013.02.25"]
[SourceQuality "1"]

1. d4 d6 2. Nf3 Bg4 3. e4 Nf6 4. Nc3 Nbd7 5. Be2 e6 6. Be3 Be7 7. 0-0 0-0 8. Nd2 Bxe2 9. Qxe2 c5 10. d5 Nb6 0-1

[Event "Olympiad Women-40"]
[Site "Istanbul"]
[Date "2012.08.29"]
[Round "2.2"]
[White "Jose, Rulp Ylem"]
[Black "Rozic, Vesna"]
[Result "0-1"]
[WhiteElo "2061"]
[BlackElo "2260"]
[PlyCount "82"]
[EventDate "2012.08.28"]
[EventType "team-swiss"]
[EventRounds "11"]
[EventCountry "TUR"]
[SourceTitle "CBM 150 Extra"]
[Source "ChessBase"]
[SourceDate "2012.10.19"]
[SourceVersion "1"]
[SourceVersionDate "2012.10.19"]
[SourceQuality "1"]
[WhiteTeam "Philippines (W)"]
[BlackTeam "Slovenia (W)"]
[WhiteTeamCountry "PHI"]
[BlackTeamCountry "SLO"]

1. d4 d5 2. c4 c6 3. Nc3 Nf6 4. Bg5 dxc4 5. a4 h6 6. Bxf6 exf6 7. e4 Bb4 8. Bxc4 0-0 9. Nge2 Nd7 10. 0-0 a5 11. Nf4 Nb6 12. Bb3 Qd6 13. g3 Be6 14. Nxe6 fxe6 15. Qg4 Rae8 16. Ne2 f5 17. exf5 Nd5 18. fxe6 Rxe6 19. Nf4 Rxf4 20. gxf4 Rg6 21. Bxd5+ cxd5 22. Qg3 Kh7 23. Kh1 Rxg3 24. hxg3 Qg6 25. Kg1 Qc2 26. Rac1 Qxb2 27. Rc7 Bc3 28. Rc5 Bxd4 29. Rxd5 b6 30. Rd8 Bc5 31. Rdd1 Qb3 32. f5 Qxg3+ 33. Kh1 Bxf2 34. Rd3 Qxd3 35. Rxf2 Qe4+ 36. Kg1 Qxa4 37. f6 Qa1+ 38. Rf1 Qxf6 39. Re1 a4 40. Re2 a3 41. Kh2 Qb2 0-1

[Event "PHI-ch (Women)"]
[Site "Boracay Island"]
[Date "2012.07.16"]
[Round "3"]
[White "Jose, Rulp Ylem"]
[Black "Suede, Akiko Charmaine"]
[Result "0-1"]
[WhiteElo "2061"]
[BlackElo "1892"]
[PlyCount "174"]
[EventDate "2012.07.15"]
[EventType "tourn"]
[EventRounds "15"]
[EventCountry "PHI"]
[SourceTitle "CBM 149 Extra"]
[Source "ChessBase"]
[SourceDate "2012.08.24"]
[SourceVersion "1"]
[SourceVersionDate "2012.08.24"]
[SourceQuality "1"]

1. d4 d5 2. Nf3 Nf6 3. c4 c6 4. e3 Bg4 5. Nbd2 e6 6. Be2 dxc4 7. Nxc4 Be7 8. 0-0 0-0 9. b3 Nbd7 10. Bb2 Nd5 11. Nfe5 Nxe5 12. Nxe5 Bxe2 13. Qxe2 Rc8 14. f4 c5 15. Rac1 Nf6 16. Rfd1 Qa5 17. Bc3 Qb6 18. g4 Rfd8 19. Ba1 Nd5 20. Qf2 Nb4 21. f5 f6 22. Nc4 Qc6 23. a3 Na6 24. Qf4 Bd6 25. Qf2 cxd4 26. Bxd4 Qe4 27. h3 Bb8 28. b4 e5 29. Nd2 Rxc1 30. Rxc1 Qd5 31. Bc3 Bc7 32. Nf1 Qb3 33. Bb2 Bb6 34. Qe2 Rd3 35. Kf2 Nc7 36. Qc2 Qxc2+ 37. Rxc2 Kf7 38. Ke2 Rd8 39. Rd2 Rxd2+ 40. Nxd2 Nd5 41. Nc4 Ke7 42. Kd3 Kd7 43. Ke4 Ne7 44. g5 Bc7 45. h4 b5 46. Nd2 Kc6 47. h5 Nc8 48. Nf3 Nd6+ 49. Kd3 Nxf5 50. e4 Nd6 51. h6 gxh6 52. gxf6 Nf7 53. Ke2 Kd7 54. Nh4 Ke6 55. Nf5 Kxf6 56. Bc1 Ng5 57. Kd3 h5 58. Be3 a6 59. Bf2 Ne6 60. Bh4+ Kf7 61. Bg3 Nf4+ 62. Ke3 Ng6 63. Kf3 Bd8 64. Bf2 Bg5 65. Nd6+ Ke6 66. Nb7 Be7 67. Bc5 Bg5 68. Bf2 Bc1 69. Nc5+ Kd6 70. Nxa6 Bxa3 71. Be1 Bc1 72. Nc5 Bf4 73. Nd3 Ke6 74. Bf2 Kf6 75. Bb6 h6 76. Nf2 Bd2 77. Nd3 Bg5 78. Nf2 Nf4 79. Bc7 Ke6 80. Bb6 Bh4 81. Ke3 Bxf2+ 82. Kxf2 Nd3+ 83. Kf3 Nxb4 84. Be3 Nd3 85. Bxh6 b4 86. Ke2 Nf4+ 87. Kd2 h4 0-1

[Event "PHI-ch (Women)"]
[Site "Manila"]
[Date "2011.07.22"]
[Round "10"]
[White "Jose, Rulp Ylem"]
[Black "Mendoza, Beverly"]
[Result "0-1"]
[WhiteElo "2024"]
[BlackElo "2054"]
[PlyCount "73"]
[EventDate "2011.07.16"]
[EventType "tourn"]
[EventRounds "11"]
[EventCountry "PHI"]
[SourceTitle "CBM 143 Extra"]
[Source "ChessBase"]
[SourceDate "2011.08.29"]
[SourceVersion "1"]
[SourceVersionDate "2011.08.29"]
[SourceQuality "1"]

1. e4 e5 2. d4 exd4 3. Qxd4 Nc6 4. Qe3 Nf6 5. e5 Ng4 6. Qe4 d5 7. exd6+ Be6 8. Be2 Nf6 9. dxc7 Qxc7 10. Qa4 0-0-0 11. c3 Bc5 12. Nf3 Rhe8 13. 0-0 Bxa2 14. Qxa2 Rxe2 15. Qc4 Rxf2 16. Qxc5 Rxf1+ 17. Kxf1 Rd1+ 18. Ke2 Rxc1 19. Qf5+ Kb8 20. Ra4 h5 21. Na3 Ra1 22. Rc4 Qe7+ 23. Kd2 a6 24. Qf4+ Ka8 25. Nc2 Rf1 26. Ne3 Rf2+ 27. Kc1 Qd7 28. Qg3 Re2 29. Nd4 Nxd4 30. Rxd4 Qe7 31. Nc2 Ne4 32. Qf3 Nc5 33. Rd8+ Ka7 34. Qd5 Nb3+ 35. Kb1 Rxg2 36. Qd1 Rg1 37. Ka2 0-1

[Event "PHI-ch (Women)"]
[Site "Manila"]
[Date "2011.07.19"]
[Round "5"]
[White "Jose, Rulp Ylem"]
[Black "Mejia, Cherry Ann"]
[Result "1-0"]
[WhiteElo "2024"]
[BlackElo "1949"]
[PlyCount "91"]
[EventDate "2011.07.16"]
[EventType "tourn"]
[EventRounds "11"]
[EventCountry "PHI"]
[SourceTitle "CBM 143 Extra"]
[Source "ChessBase"]
[SourceDate "2011.08.29"]
[SourceVersion "1"]
[SourceVersionDate "2011.08.29"]
[SourceQuality "1"]

1. e4 c5 2. Nf3 Nc6 3. Bb5 Nf6 4. Nc3 g6 5. e5 Ng4 6. Bxc6 dxc6 7. 0-0 Bg7 8. Qe2 0-0 9. d3 Qb6 10. Rb1 Bd7 11. h3 Nh6 12. Be3 Qa5 13. Nd2 Be6 14. Nde4 b6 15. g4 f6 16. Bd2 c4 17. exf6 cxd3 18. cxd3 exf6 19. Nxf6+ Bxf6 20. Qxe6+ Kg7 21. Ne4 Qd5 22. Qxd5 cxd5 23. Nxf6 Rxf6 24. g5 Rf3 25. gxh6+ Kf7 26. Rbc1 Rxd3 27. Bg5 Rxh3 28. Rfe1 Rh5 29. Rc7+ Kg8 30. Rg7+ Kh8 31. Bf6 Rf5 32. Rxg6+ Rxf6 33. Rxf6 Rd8 34. Kh2 d4 35. Rd6 Rf8 36. Rxd4 Rxf2+ 37. Kg3 Rf8 38. Rde4 Kg8 39. Re8 Rxe8 40. Rxe8+ Kf7 41. Ra8 Kg6 42. Kg4 Kxh6 43. Kf5 a5 44. Rg8 b5 45. Rg2 a4 46. Rg1 1-0

[Event "PHI-ch (Women)"]
[Site "Manila"]
[Date "2011.07.17"]
[Round "2"]
[White "Palomo, Jenny Rose"]
[Black "Jose, Rulp Ylem"]
[Result "0-1"]
[WhiteElo "1875"]
[BlackElo "2024"]
[PlyCount "90"]
[EventDate "2011.07.16"]
[EventType "tourn"]
[EventRounds "11"]
[EventCountry "PHI"]
[SourceTitle "CBM 143 Extra"]
[Source "ChessBase"]
[SourceDate "2011.08.29"]
[SourceVersion "1"]
[SourceVersionDate "2011.08.29"]
[SourceQuality "1"]

1. Nf3 Nf6 2. d4 b6 3. Bf4 Bb7 4. e3 e6 5. Be2 c5 6. 0-0 Be7 7. h3 0-0 8. c4 d5 9. Nc3 Nc6 10. Rc1 a6 11. dxc5 bxc5 12. cxd5 exd5 13. Ne5 d4 14. exd4 cxd4 15. Bf3 dxc3 16. Bxc6 cxb2 17. Rb1 Qb6 18. Be3 Qc7 19. Bxb7 Qxb7 20. Nc4 Rfd8 21. Qe2 Qe4 22. Nb6 Rab8 23. Rxb2 a5 24. Rd1 Bb4 25. Qc2 Qe6 26. Rxd8+ Rxd8 27. Qb3 Qe4 28. Rb1 h6 29. Rd1 Rxd1+ 30. Qxd1 Qe6 31. Qd8+ Kh7 32. Qd3+ g6 33. a3 Bd6 34. Qc4 Bxa3 35. Qb5 Bb4 36. Nc4 Qe4 37. Qa6 Qb1+ 38. Kh2 Qf5 39. Bb6 Nd5 40. Bxa5 Qxf2 41. Bxb4 Nxb4 42. Qd6 Nc2 43. Qg3 Qd4 44. Ne5 Ne3 45. Kg1 Nf5+ 0-1

[Event "Tagaytay City zt 3.3 (Women)"]
[Site "Tagaytay City"]
[Date "2011.05.25"]
[Round "3"]
[White "Jose, Rulp Ylem"]
[Black "Bernales, Christy Lamiel"]
[Result "0-1"]
[WhiteElo "2071"]
[BlackElo "2015"]
[PlyCount "68"]
[EventDate "2011.05.24"]
[EventType "swiss"]
[EventRounds "9"]
[EventCountry "PHI"]
[SourceTitle "EXT 2012"]
[Source "ChessBase"]
[SourceDate "2011.11.24"]
[SourceVersion "1"]
[SourceVersionDate "2011.11.24"]
[SourceQuality "1"]

1. d4 Nf6 2. c4 e6 3. g3 d5 4. Bg2 Be7 5. Nf3 0-0 6. Nbd2 Nbd7 7. 0-0 c5 8. a3 b6 9. b3 Bb7 10. Bb2 Rc8 11. Re1 Ne4 12. e3 f5 13. Rc1 Kh8 14. cxd5 exd5 15. Qe2 Bf6 16. Bh3 g6 17. Nxe4 dxe4 18. Ne5 Nxe5 19. dxe5 Bg7 20. Rcd1 Qe7 21. Qc4 Rfd8 22. Qc3 Qe6 23. Bf1 Bd5 24. Bc4 Rb8 25. a4 Bxc4 26. Qxc4 Qxc4 27. bxc4 Rxd1 28. Rxd1 a6 29. Rd6 Kg8 30. Bc3 Kf8 31. Kg2 Kf7 32. g4 Rb7 33. gxf5 gxf5 34. Kg3 b5 0-1

[Event "Olympiad Women-39"]
[Site "Khanty-Mansiysk"]
[Date "2010.09.27"]
[Round "6.24"]
[White "De La Parra Hurtado, Daniela"]
[Black "Jose, Rulp Ylem"]
[Result "0-1"]
[WhiteElo "1887"]
[BlackElo "2039"]
[PlyCount "58"]
[EventDate "2010.09.21"]
[EventType "team-swiss"]
[EventRounds "11"]
[EventCountry "RUS"]
[SourceTitle "CBM 139"]
[Source "ChessBase"]
[SourceDate "2010.11.18"]
[SourceVersion "1"]
[SourceVersionDate "2010.11.18"]
[SourceQuality "1"]
[WhiteTeam "Mexico (W)"]
[BlackTeam "Philippines (W)"]
[WhiteTeamCountry "MEX"]
[BlackTeamCountry "PHI"]

1. d4 d5 2. c4 c6 3. Nc3 dxc4 4. a4 Nf6 5. e3 Bf5 6. Bxc4 e6 7. Nf3 Bb4 8. 0-0 Qc7 9. Qb3 a5 10. Bd2 0-0 11. Rfe1 Nbd7 12. e4 Bxc3 13. exf5 Bxd2 14. Nxd2 e5 15. Rac1 exd4 16. Re7 Qf4 17. Bxf7+ Kh8 18. Qc2 Ne5 19. g3 Qxd2 20. Qxd2 Nf3+ 21. Kg2 Nxd2 22. f3 Rxf7 23. Rxf7 Nb3 24. Re1 d3 25. Rxb7 Nc5 26. Rc7 d2 27. Rb1 Nxa4 28. Rxc6 Rd8 29. g4 Nxb2 0-1

[Event "Olympiad Women-39"]
[Site "Khanty-Mansiysk"]
[Date "2010.09.23"]
[Round "3.40"]
[White "Safar, Reem Hani"]
[Black "Jose, Rulp Ylem"]
[Result "0-1"]
[WhiteElo "1702"]
[BlackElo "2039"]
[PlyCount "46"]
[EventDate "2010.09.21"]
[EventType "team-swiss"]
[EventRounds "11"]
[EventCountry "RUS"]
[SourceTitle "CBM 139"]
[Source "ChessBase"]
[SourceDate "2010.11.18"]
[SourceVersion "1"]
[SourceVersionDate "2010.11.18"]
[SourceQuality "1"]
[WhiteTeam "Qatar (W)"]
[BlackTeam "Philippines (W)"]
[WhiteTeamCountry "QAT"]
[BlackTeamCountry "PHI"]

1. d4 d5 2. c4 c6 3. Nc3 dxc4 4. e4 b5 5. a4 b4 6. Na2 e5 7. Nf3 exd4 8. Qxd4 Qxd4 9. Nxd4 Nf6 10. f3 a5 11. Bf4 Bc5 12. 0-0-0 Bxd4 13. Rxd4 Be6 14. Kb1 Nbd7 15. Be2 0-0 16. Rd6 Rfc8 17. Rhd1 Nb6 18. Rc1 Ne8 19. Rdd1 c3 20. bxc3 b3 21. c4 bxa2+ 22. Kxa2 Nxa4 23. Be3 c5 0-1

[Event "PHI-ch (Women)"]
[Site "Tagaytay City"]
[Date "2010.06.01"]
[Round "10"]
[White "Secopito, Catherine"]
[Black "Jose, Rulp Ylem"]
[Result "0-1"]
[WhiteElo "2090"]
[BlackElo "1986"]
[PlyCount "96"]
[EventDate "2010.05.25"]
[EventType "tourn"]
[EventRounds "11"]
[EventCountry "PHI"]
[SourceTitle "CBM 136 Extra"]
[Source "ChessBase"]
[SourceDate "2010.07.02"]
[SourceVersion "2"]
[SourceVersionDate "2010.07.15"]
[SourceQuality "1"]

1. d4 Nf6 2. c4 g6 3. g3 Bg7 4. Bg2 c5 5. e3 0-0 6. Nf3 d5 7. cxd5 Nxd5 8. 0-0 Na6 9. Nc3 Nxc3 10. bxc3 Qc7 11. Qd2 b6 12. Bb2 Bb7 13. Rfe1 Rad8 14. e4 Nb8 15. a4 Ba6 16. Qe3 Rc8 17. Bh3 Rcd8 18. Ba3 Qc6 19. d5 Qb7 20. Rab1 Qc7 21. a5 Nd7 22. Rb2 Nf6 23. Reb1 Rb8 24. Nd2 h5 25. f3 Kh7 26. Bf1 Bh6 27. f4 Bxf1 28. Kxf1 Qc8 29. Kg2 Qc7 30. Nc4 bxa5 31. Rxb8 Rxb8 32. Rxb8 Qxb8 33. Bxc5 Qb1 34. Nd2 Qc2 35. Kg1 Qd1+ 36. Nf1 Bf8 37. c4 Qc2 38. e5 Ne4 39. Bd4 a4 40. c5 a5 41. c6 e6 42. dxe6 Qxc6 43. exf7 a3 44. Qb3 Qc1 45. Kg2 Qxf1+ 46. Kxf1 Nd2+ 47. Ke1 Nxb3 48. Bc3 a2 0-1

[Event "PHI-ch (Women)"]
[Site "Tagaytay City"]
[Date "2010.05.31"]
[Round "7"]
[White "Jose, Rulp Ylem"]
[Black "Cua, Shercila"]
[Result "1-0"]
[WhiteElo "1986"]
[BlackElo "2142"]
[PlyCount "125"]
[EventDate "2010.05.25"]
[EventType "tourn"]
[EventRounds "11"]
[EventCountry "PHI"]
[SourceTitle "CBM 136 Extra"]
[Source "ChessBase"]
[SourceDate "2010.07.02"]
[SourceVersion "2"]
[SourceVersionDate "2010.07.15"]
[SourceQuality "1"]

1. d4 d5 2. c4 e6 3. Nf3 Nf6 4. e3 c6 5. Nbd2 Nbd7 6. b3 Be7 7. Bb2 b6 8. Be2 Bb7 9. 0-0 0-0 10. Rc1 Rc8 11. Ne5 Ne4 12. Nxe4 Nxe5 13. Ng3 Nd7 14. e4 dxe4 15. Nxe4 Nf6 16. Bf3 Nxe4 17. Bxe4 Bf6 18. Qg4 Qe7 19. Rc3 g6 20. Rh3 Rfd8 21. Rd1 Bg7 22. Qe2 Rd7 23. Rhd3 Rcd8 24. Qf3 Rc8 25. Qe2 Qd8 26. g3 Qe7 27. h4 Rcd8 28. h5 b5 29. hxg6 hxg6 30. Kg2 bxc4 31. bxc4 c5 32. Bxb7 Rxb7 33. Ba3 Rb6 34. Bxc5 Qb7+ 35. Qf3 Qxf3+ 36. Kxf3 Ra6 37. a3 Ra4 38. Rc1 e5 39. d5 f5 40. Ke2 e4 41. Rb3 Be5 42. Rb7 a6 43. Be7 Rb8 44. Rxb8+ Bxb8 45. d6 Kf7 46. Rb1 Bxd6 47. Bxd6 Rxc4 48. Rb6 a5 49. Rb8 a4 50. Bb4 g5 51. Ra8 f4 52. gxf4 gxf4 53. Rxa4 Rc2+ 54. Ke1 Ra2 55. Kf1 e3 56. fxe3 fxe3 57. Ra5 e2+ 58. Ke1 Ke6 59. Rc5 Kf6 60. Rc3 Ke6 61. Rd3 Ke5 62. Bd2 Ke6 63. Kxe2 1-0

[Event "PHI-ch (Women)"]
[Site "Tagaytay City"]
[Date "2010.05.31"]
[Round "8"]
[White "Suede, Akiko Charmaine"]
[Black "Jose, Rulp Ylem"]
[Result "0-1"]
[WhiteElo "1945"]
[BlackElo "1986"]
[PlyCount "120"]
[EventDate "2010.05.25"]
[EventType "tourn"]
[EventRounds "11"]
[EventCountry "PHI"]
[SourceTitle "CBM 136 Extra"]
[Source "ChessBase"]
[SourceDate "2010.07.02"]
[SourceVersion "2"]
[SourceVersionDate "2010.07.15"]
[SourceQuality "1"]

1. e4 b6 2. Nc3 Bb7 3. d4 e6 4. Nf3 d5 5. exd5 exd5 6. Bd3 Nf6 7. Ne2 Bd6 8. 0-0 0-0 9. Ng3 c5 10. c3 g6 11. Bg5 Nbd7 12. Re1 Qc7 13. Nd2 Rfe8 14. Qf3 Kg7 15. Rac1 h6 16. Bh4 Bf4 17. Ngf1 Ne4 18. Bg3 Bxg3 19. fxg3 Ndf6 20. Qf4 Qd7 21. dxc5 Nxc5 22. Bc2 Ne6 23. Qb4 Qc7 24. Ne3 a5 25. Qh4 Rad8 26. Ba4 Bc6 27. Bxc6 Qxc6 28. Rf1 Ng5 29. Qd4 Nge4 30. Ng4 Qc5 31. Qxc5 bxc5 32. Nxf6 Nxf6 33. Nb3 Re2 34. Rf2 Rxf2 35. Kxf2 Ne4+ 36. Ke2 Re8 37. Kf3 a4 38. Na5 Rb8 39. Rc2 Rb6 40. h4 Rf6+ 41. Ke2 Rf2+ 42. Kd1 Rf1+ 43. Ke2 Nxg3+ 44. Kd3 Rf4 45. c4 Rd4+ 46. Ke3 Nf5+ 47. Kf2 Rf4+ 48. Kg1 Ne3 49. Rc3 Rf1+ 50. Kh2 d4 51. Rd3 Rf2 52. Nb7 Rxg2+ 53. Kh3 Rxb2 54. Nxc5 h5 55. Kg3 Rxa2 56. Kf3 Nf5 57. Ke4 a3 58. Nb3 Re2+ 59. Kd5 a2 60. Rd1 Ne3+ 0-1

[Event "PHI-ch (Women)"]
[Site "Tagaytay City"]
[Date "2010.05.26"]
[Round "2"]
[White "Docena, Jedara"]
[Black "Jose, Rulp Ylem"]
[Result "1/2-1/2"]
[WhiteElo "2008"]
[BlackElo "1986"]
[PlyCount "147"]
[EventDate "2010.05.25"]
[EventType "tourn"]
[EventRounds "11"]
[EventCountry "PHI"]
[SourceTitle "CBM 136 Extra"]
[Source "ChessBase"]
[SourceDate "2010.07.02"]
[SourceVersion "2"]
[SourceVersionDate "2010.07.15"]
[SourceQuality "1"]

1. e4 d6 2. d4 g6 3. Nc3 Bg7 4. Be3 Nc6 5. Qd2 e5 6. d5 Nce7 7. 0-0-0 f5 8. f4 fxe4 9. fxe5 Bxe5 10. Nxe4 Nf6 11. Nxf6+ Bxf6 12. Nf3 0-0 13. Bh6 Re8 14. h3 Nf5 15. Bf4 Nh4 16. Nxh4 Bxh4 17. Bd3 Bd7 18. Kb1 Qe7 19. Rhf1 Qg7 20. g3 Bf6 21. Bh6 Qe7 22. Rde1 Qf7 23. g4 Rxe1+ 24. Qxe1 Qe7 25. Qb4 b6 26. Qc4 Rc8 27. c3 Bg5 28. Bxg5 Qxg5 29. Qe4 Re8 30. Qf3 Qe7 31. Kc2 Rf8 32. Qxf8+ Qxf8 33. Rxf8+ Kxf8 34. Kd2 Kg7 35. Ke3 Kf6 36. Kf4 g5+ 37. Ke3 h5 38. gxh5 Kg7 39. h4 gxh4 40. Kf4 Kh6 41. Bg6 Bh3 42. Bf7 Bf1 43. Kg4 h3 44. Kg3 Kg5 45. b3 b5 46. Be8 a6 47. a3 Be2 48. h6 Kxh6 49. Kxh3 Kg5 50. Kg3 Kf5 51. Kf2 Bd1 52. b4 Ke4 53. Bc6 Kd3 54. Bb7 Kxc3 55. Bxa6 Bb3 56. Bxb5 Bxd5 57. Ke3 Kb3 58. Kd3 c6 59. Ba6 Bg2 60. Kd4 Kxa3 61. Kc3 Ka4 62. Bc8 Kb5 63. Bd7 Kb6 64. Kd4 Kc7 65. Bg4 Kd8 66. Bf5 Ke7 67. Bg4 Bf1 68. Bf3 Bb5 69. Bg4 Kf6 70. Ke4 Kg5 71. Bd1 Ba6 72. Ba4 Bb7 73. Kd4 Kf4 74. Bd1 1/2-1/2

[Event "Asian Continental op (Women) 08th"]
[Site "Subic Bay"]
[Date "2009.05.23"]
[Round "11"]
[White "Jose, Rulp Ylem"]
[Black "Khademalsharieh, Sarasadat"]
[Result "0-1"]
[WhiteElo "2054"]
[BlackElo "1806"]
[PlyCount "112"]
[EventDate "2009.05.13"]
[EventType "swiss"]
[EventRounds "11"]
[EventCountry "PHI"]
[SourceTitle "CBM 130 Extra"]
[Source "ChessBase"]
[SourceDate "2009.07.02"]
[SourceVersion "2"]
[SourceVersionDate "2009.07.15"]
[SourceQuality "1"]

1. e4 e5 2. Bc4 Nf6 3. d3 Nc6 4. f4 exf4 5. Nf3 d5 6. exd5 Nxd5 7. Bxd5 Qxd5 8. 0-0 Bd6 9. Nc3 Qh5 10. Ne4 0-0 11. Nxd6 Qc5+ 12. Kh1 Qxd6 13. Ng5 f3 14. Qxf3 Qg6 15. Be3 h6 16. Ne4 f5 17. Ng3 Be6 18. Bc5 Rf7 19. Rae1 f4 20. Nh5 Qf5 21. Nxf4 Bxa2 22. Ba3 g5 23. Nh5 Qxf3 24. Rxf3 Rxf3 25. gxf3 Bf7 26. Nf6+ Kg7 27. Ne4 Nd4 28. b3 Nxf3 29. Bb2+ Kg6 30. Rf1 g4 31. Nf6 h5 32. Rf2 Rd8 33. Kg2 Rd6 34. Ne4 Rc6 35. Kg3 Be6 36. h3 h4+ 37. Kf4 Ne1 38. hxg4 Rxc2 39. Rxc2 Nxc2 40. Nc5 Bc8 41. Bc3 b6 42. Ne4 a5 43. Be5 Nb4 44. Nf2 Be6 45. Ke4 Na6 46. d4 Bxb3 47. d5 a4 48. d6 cxd6 49. Bxd6 Nc5+ 50. Kd4 a3 51. Kc3 a2 52. Kb2 Bc4 53. Be7 h3 54. Nxh3 Nd3+ 55. Ka1 Ne1 56. Nf4+ Kf7 0-1

[Event "Asian Continental op (Women) 08th"]
[Site "Subic Bay"]
[Date "2009.05.16"]
[Round "4"]
[White "Jose, Rulp Ylem"]
[Black "Sun, Fanghui"]
[Result "0-1"]
[WhiteElo "2054"]
[BlackElo "2146"]
[PlyCount "66"]
[EventDate "2009.05.13"]
[EventType "swiss"]
[EventRounds "11"]
[EventCountry "PHI"]
[SourceTitle "CBM 130 Extra"]
[Source "ChessBase"]
[SourceDate "2009.07.02"]
[SourceVersion "2"]
[SourceVersionDate "2009.07.15"]
[SourceQuality "1"]

1. e4 c5 2. Nc3 Nc6 3. f4 d6 4. Bb5 Bd7 5. Nf3 g6 6. 0-0 Bg7 7. d3 Nf6 8. Qe1 0-0 9. Qh4 Nd4 10. Bxd7 Nxd7 11. Rf2 e6 12. Qh3 Qb6 13. f5 exf5 14. Nd5 Qd8 15. Bg5 Nxf3+ 16. Rxf3 Qxg5 17. exf5 Nb6 18. Rg3 Qd8 19. Nf4 Qd7 20. Rf1 Rae8 21. Qg4 Bd4+ 22. Kh1 Re3 23. Rxe3 Bxe3 24. Nh5 Bd4 25. c3 Bg7 26. Nxg7 Kxg7 27. f6+ Kh8 28. Qg5 Qe6 29. h3 Nd7 30. g4 Re8 31. c4 Qe3 32. Qh4 Qxd3 33. Qh6 Qxf1+ 0-1

[Event "Asian Continental op (Women) 08th"]
[Site "Subic Bay"]
[Date "2009.05.13"]
[Round "1"]
[White "Meenakshi, Subbaraman"]
[Black "Jose, Rulp Ylem"]
[Result "1-0"]
[WhiteElo "2303"]
[BlackElo "2054"]
[PlyCount "137"]
[EventDate "2009.05.13"]
[EventType "swiss"]
[EventRounds "11"]
[EventCountry "PHI"]
[SourceTitle "CBM 130 Extra"]
[Source "ChessBase"]
[SourceDate "2009.07.02"]
[SourceVersion "2"]
[SourceVersionDate "2009.07.15"]
[SourceQuality "1"]

1. c4 Nf6 2. Nc3 d5 3. cxd5 Nxd5 4. g3 e5 5. Bg2 Nxc3 6. bxc3 Bc5 7. Nf3 Nc6 8. d3 0-0 9. 0-0 Re8 10. Rb1 h6 11. Bb2 Bb6 12. Nd2 Be6 13. c4 Rb8 14. Ba3 Nd4 15. Ne4 f5 16. Nc5 Bxc5 17. Bxc5 b6 18. Ba3 e4 19. Re1 Bf7 20. e3 Nc6 21. dxe4 fxe4 22. Qc2 Na5 23. Rbd1 Qg5 24. Bxe4 Nxc4 25. Bc1 Rbd8 26. Bg2 Qf6 27. e4 c5 28. f4 Rd4 29. Kh1 Red8 30. e5 Qe6 31. Rxd4 Rxd4 32. f5 Qe7 33. Bf4 Bh5 34. h3 Qd8 35. e6 Qe7 36. Qf2 b5 37. g4 Be8 38. Bg3 Rd2 39. Re2 Rd1+ 40. Kh2 b4 41. Rc2 Rd4 42. Bf1 Na3 43. Rd2 Qd8 44. Rxd4 Qxd4 45. Qf3 c4 46. Qa8 Kf8 47. Qb8 Nb5 48. Be5 Qc5 49. Bf4 c3 50. Bxb5 Qxb5 51. Bd6+ Kg8 52. Qxb5 Bxb5 53. Bxb4 c2 54. Bd2 Kf8 55. Kg3 Ke7 56. Kf4 a5 57. Ke5 Bc4 58. a4 Be2 59. Bc1 Bf3 60. Ba3+ Ke8 61. Kf4 Bd5 62. h4 Bc4 63. g5 hxg5+ 64. hxg5 g6 65. Ke5 gxf5 66. g6 c1Q 67. Bxc1 Kf8 68. Ba3+ Kg7 69. e7 1-0

[Event "Manila op"]
[Site "Manila"]
[Date "2008.05.01"]
[Round "9"]
[White "Camacho, Chardine Cheradee"]
[Black "Jose, Rulp Ylem"]
[Result "1-0"]
[WhiteElo "2106"]
[BlackElo "2044"]
[PlyCount "180"]
[EventDate "2008.04.03"]
[EventType "swiss"]
[EventRounds "9"]
[EventCountry "PHI"]
[SourceTitle "EXT 2010"]
[Source "ChessBase"]
[SourceDate "2010.11.25"]
[SourceVersion "1"]
[SourceVersionDate "2010.11.25"]
[SourceQuality "1"]

1. e4 d5 2. exd5 Nf6 3. d4 Bg4 4. Be2 Bxe2 5. Qxe2 Qxd5 6. Nf3 c6 7. 0-0 e6 8. Re1 Be7 9. c4 Qh5 10. Nc3 0-0 11. Bf4 Nbd7 12. Rad1 Nb6 13. Qf1 Qf5 14. Bg3 Qa5 15. Qd3 Qb4 16. b3 Rfd8 17. Qc2 Nh5 18. Be5 Bf6 19. Ne4 Be7 20. Neg5 g6 21. Ne4 Rac8 22. g4 Ng7 23. Bf6 Bxf6 24. Nxf6+ Kh8 25. Qe4 Nd7 26. Nxd7 Rxd7 27. Ne5 Rdc7 28. Re3 Kg8 29. Qf4 Qf8 30. Rf3 Ne8 31. Kg2 Qg7 32. h4 h6 33. Rh1 Re7 34. h5 g5 35. Qe3 Nf6 36. Rg3 Nd7 37. f4 Nxe5 38. dxe5 Rd8 39. Rf1 Red7 40. f5 Rd2+ 41. Rf2 Rxf2+ 42. Kxf2 Qf8 43. fxe6 fxe6+ 44. Rf3 Qb4 45. Qe4 Qc5+ 46. Kg2 Rd2+ 47. Kh3 Rd7 48. Qg6+ Rg7 49. Qxe6+ Kh7 50. Qf5+ Kg8 51. Qf6 Kh7 52. e6 Qd6 53. Qf5+ Kg8 54. Rd3 Qf8 55. Qxf8+ Kxf8 56. Rd8+ Ke7 57. Rh8 Kxe6 58. Rxh6+ Ke5 59. Kg3 Rd7 60. Rg6 Rd3+ 61. Kg2 Kf4 62. h6 Kxg4 63. h7 Rg3+ 64. Kf2 Rf3+ 65. Ke2 Rh3 66. Rg7 b6 67. Rxa7 c5 68. a4 Kf5 69. Rf7+ Ke4 70. Kf2 Kd4 71. Kg2 Rh4 72. Re7 Kd3 73. Rb7 Kc3 74. Rxb6 Rxh7 75. a5 Ra7 76. a6 Kd4 77. Kg3 Ra8 78. Kg4 Ke5 79. Rc6 Kd4 80. Kxg5 Kc3 81. Rb6 Kd4 82. Kf5 Ra7 83. Ke6 Rh7 84. Kd6 Ra7 85. Kc6 Kc3 86. Kxc5 Rc7+ 87. Kb5 Kxb3 88. c5 Kc3 89. Rb7 Rc8 90. a7 Kd4 1-0